[Event "OEISM 0818 BLMM"]
[Site "austriablmm"]
[Date "2020.12.12"]
[Round "3"]
[White "Daniel05"]
[Black "gadoru"]
[Result "1-0"]
[WhiteElo "1847"]
[BlackElo "1708"]
[Annotator "NA RC"]
[PlyCount "95"]
[EventDate "2020.12.12"]
[EventType "blitz"]

1. d4 {[%emt 0:00:07]} Nf6 {[%emt 0:00:01]} 2. c4 {[%emt 0:00:01]} g6 {[%emt 0:00:00]} 3. Nc3 {[%emt 0:00:01]} d5 {[%emt 0:00:01]} 4. e3 {[%emt 0:00:14]} Bg7 {[%emt 0:00:22]} 5. cxd5 {[%emt 0:00:02]} Nxd5 {[%emt 0:00:02]} 6. Nxd5 {[%emt 0:00:00]} Qxd5 {[%emt 0:00:02]} 7. Ne2 {[%emt 0:00:00]} O-O {[%emt 0:00:17]} 8. Nc3 {[%emt 0:00:02]} Qd8 {[%emt 0:00:11]} 9. Be2 {[%emt 0:00:01]} Nd7 {[%emt 0:00:19]} 10. O-O {[%emt 0:00:03]} c6 {[%emt 0:00:04]} 11. f4 {[%emt 0:00:45]} b6 {[%emt 0:00:21]} 12. e4 {[%emt 0:00:26]} Bb7 {[%emt 0:00:28]} 13. Be3 {[%emt 0:00:08]} Nf6 {[%emt 0:00:25]} 14. Bf3 {[%emt 0:00:03]} Rc8 {[%emt 0:00:56]} 15. Qe2 {[%emt 0:00:56]} Qc7 {[%emt 0:00:24]} 16. Rad1 {[%emt 0:00:07]} Rfd8 {[%emt 0:00:46]} 17. b4 {[%emt 0:01:54]} e6 {[%emt 0:01:22]} 18. Rc1 {[%emt 0:00:40]} Qb8 {[%emt 0:00:55]} 19. Rfd1 {[%emt 0:00:10]} Qa8 {[%emt 0:00:10]} 20. e5 {[%emt 0:01:04]} Nd5 {[%emt 0:01:16]} 21. Nxd5 {[%emt 0:00:44]} cxd5 {[%emt 0:00:00]} 22. b5 {[%emt 0:00:01]} Rxc1 {[%emt 0:00:14]} 23. Rxc1 {[%emt 0:00:00]} Rc8 {[%emt 0:00:03]} 24. Qd2 {[%emt 0:00:28]} Rxc1+ {[%emt 0:00:14]} 25. Qxc1 {[%emt 0:00:00]} Qc8 {[%emt 0:00:03]} 26. Qxc8+ {[%emt 0:00:10]} Bxc8 {[%emt 0:00:00]} 27. Be2 {[%emt 0:00:01]} Bf8 {[%emt 0:00:05]} 28. Kf2 {[%emt 0:00:13]} Bb4 {[%emt 0:00:06]} 29. Bc1 {[%emt 0:00:40]} Kf8 {[%emt 0:00:19]} 30. Ke3 {[%emt 0:00:55]} Ke8 {[%emt 0:00:15]} 31. Bd3 {[%emt 0:00:23]} Kd8 {[%emt 0:00:09]} 32. Kf3 {[%emt 0:00:02]} Ke8 {[%emt 0:00:09]} 33. Kg4 {[%emt 0:00:03]} Kf8 {[%emt 0:00:08]} 34. Kg5 {[%emt 0:00:09]} Kg7 {[%emt 0:00:03]} 35. Kg4 {[%emt 0:00:04]} f6 {[%emt 0:00:20]} 36. exf6+ {[%emt 0:00:10]} Kxf6 {[%emt 0:00:02]} 37. Kf3 {[%emt 0:00:00]} Bd7 {[%emt 0:00:28]} 38. Be3 {[%emt 0:00:03]} Kf7 {[%emt 0:00:08]} 39. Bf2 {[%emt 0:00:04]} Bc3 {[%emt 0:00:12]} 40. Ke3 {[%emt 0:00:02]} Kf8 {[%emt 0:00:10]} 41. Bh4 {[%emt 0:00:05]} Ke8 {[%emt 0:00:02]} 42. Bf6 {[%emt 0:00:06]} Bc8 {[%emt 0:00:03]} 43. Be5 {[%emt 0:00:02]} Kd7 {[%emt 0:00:08]} 44. Kf3 {[%emt 0:00:16]} Bb4 {[%emt 0:00:15]} 45. Kg4 {[%emt 0:00:03]} Be7 {[%emt 0:00:04]} 46. h4 {[%emt 0:00:09]} Bb7 {[%emt 0:00:07]} 47. h5 {[%emt 0:00:02]} gxh5+ {[%emt 0:00:05]} 48. Kxh5 {[%emt 0:00:00] gadoru resigns (Lag: Av=0.45s, max=0.9s)} 1-0

[Event "OEISM 0818 BLMM"]
[Site "austriablmm"]
[Date "2020.12.12"]
[Round "3"]
[White "Weirdo1"]
[Black "Uhtred08"]
[Result "1-0"]
[WhiteElo "1822"]
[BlackElo "1517"]
[Annotator "NA RC"]
[PlyCount "115"]
[EventDate "2020.12.12"]
[EventType "blitz"]

1. d4 {[%emt 0:00:03]} d5 {[%emt 0:00:02]} 2. Nf3 {[%emt 0:00:03]} Nf6 {[%emt 0:00:02]} 3. c4 {[%emt 0:00:02]} dxc4 {[%emt 0:00:01]} 4. e3 {[%emt 0:00:02]} e6 {[%emt 0:00:01]} 5. Bxc4 {[%emt 0:00:02]} c5 {[%emt 0:00:02]} 6. Nc3 {[%emt 0:00:05]} Nc6 {[%emt 0:00:03]} 7. O-O {[%emt 0:00:05]} cxd4 {[%emt 0:00:13]} 8. exd4 {[%emt 0:00:03]} Be7 {[%emt 0:00:03]} 9. Re1 {[%emt 0:00:11]} Nd5 {[%emt 0:00:02]} 10. Nxd5 {[%emt 0:00:10]} exd5 {[%emt 0:00:06]} 11. Bb5 {[%emt 0:00:05]} O-O {[%emt 0:00:02]} 12. Bf4 {[%emt 0:00:20]} Bg4 {[%emt 0:00:07]} 13. Bxc6 {[%emt 0:00:20]} bxc6 {[%emt 0:00:02]} 14. Rc1 {[%emt 0:00:04]} Rc8 {[%emt 0:00:11]} 15. Qd3 {[%emt 0:00:14]} Bf6 {[%emt 0:00:15]} 16. Be5 {[%emt 0:00:42]} Re8 {[%emt 0:00:43]} 17. Bxf6 {[%emt 0:00:31]} Rxe1+ {[%emt 0:00:05]} 18. Rxe1 {[%emt 0:00:11]} Qxf6 {[%emt 0:00:26]} 19. Ne5 {[%emt 0:00:07]} Bf5 {[%emt 0:00:17]} 20. Qc3 {[%emt 0:00:21]} Qd6 {[%emt 0:00:18]} 21. Nxc6 {[%emt 0:00:32]} h6 {[%emt 0:00:41]} 22. Ne7+ {[%emt 0:00:16]} Qxe7 {[%emt 0:01:33]} 23. Rxe7 {[%emt 0:00:07]} Rxc3 {[%emt 0:00:10]} 24. bxc3 {[%emt 0:00:00]} a6 {[%emt 0:00:05]} 25. Ra7 {[%emt 0:00:06]} Bd3 {[%emt 0:00:02]} 26. Ra8+ {[%emt 0:00:15]} Kh7 {[%emt 0:00:02]} 27. f3 {[%emt 0:00:02]} Kg6 {[%emt 0:00:03]} 28. Kf2 {[%emt 0:00:02]} Kf6 {[%emt 0:00:05]} 29. Ke3 {[%emt 0:00:01]} Bc4 {[%emt 0:00:02]} 30. a3 {[%emt 0:00:08]} g6 {[%emt 0:00:10]} 31. h4 {[%emt 0:00:12]} h5 {[%emt 0:00:02]} 32. Kf4 {[%emt 0:00:09]} Bb5 {[%emt 0:00:22]} 33. a4 {[%emt 0:00:13]} Bc4 {[%emt 0:00:03]} 34. a5 {[%emt 0:00:07]} Bb5 {[%emt 0:00:03]} 35. Rb8 {[%emt 0:00:02]} Bc4 {[%emt 0:00:02]} 36. Rb6+ {[%emt 0:00:02]} Kg7 {[%emt 0:00:06]} 37. Ke5 {[%emt 0:00:04]} Kf8 {[%emt 0:00:09]} 38. Rd6 {[%emt 0:00:03]} Ke7 {[%emt 0:00:02]} 39. Rxd5 {[%emt 0:00:04]} f6+ {[%emt 0:00:09]} 40. Ke4 {[%emt 0:00:04]} Bxd5+ {[%emt 0:00:48]} 41. Kxd5 {[%emt 0:00:00]} Kd7 {[%emt 0:00:02]} 42. c4 {[%emt 0:00:02]} Kc7 {[%emt 0:00:19]} 43. Ke6 {[%emt 0:00:04]} f5 {[%emt 0:00:08]} 44. Kf6 {[%emt 0:00:03]} Kd6 {[%emt 0:00:02]} 45. Kxg6 {[%emt 0:00:04]} Ke6 {[%emt 0:00:01]} 46. Kxh5 {[%emt 0:00:01]} Kf6 {[%emt 0:00:05]} 47. c5 {[%emt 0:00:02]} f4 {[%emt 0:00:12]} 48. Kg4 {[%emt 0:00:03]} Ke6 {[%emt 0:00:01]} 49. Kxf4 {[%emt 0:00:03]} Kd5 {[%emt 0:00:01]} 50. h5 {[%emt 0:00:01]} Ke6 {[%emt 0:00:01]} 51. h6 {[%emt 0:00:01]} Kf7 {[%emt 0:00:00]} 52. c6 {[%emt 0:00:01]} Kg6 {[%emt 0:00:02]} 53. c7 {[%emt 0:00:01]} Kxh6 {[%emt 0:00:00]} 54. c8=Q {[%emt 0:00:01]} Kh7 {[%emt 0:00:03]} 55. Qg4 {[%emt 0:00:02]} Kh6 {[%emt 0:00:02]} 56. Kf5 {[%emt 0:00:01]} Kh7 {[%emt 0:00:01]} 57. Kf6 {[%emt 0:00:01]} Kh8 {[%emt 0:00:01]} 58. Qg7# {[%emt 0:00:01] (Lag: Av=0.27s, max=0.6s) Mate} 1-0

[Event "OEISM 0818 BLMM"]
[Site "austriablmm"]
[Date "2020.12.12"]
[Round "3"]
[White "Blumenlaus"]
[Black "Kriasi"]
[Result "1/2-1/2"]
[WhiteElo "1815"]
[BlackElo "1782"]
[Annotator "NA RC"]
[PlyCount "121"]
[EventDate "2020.12.12"]
[EventType "blitz"]

1. d4 {[%emt 0:00:03]} Nf6 {[%emt 0:00:02]} 2. c4 {[%emt 0:00:01]} e6 {[%emt 0:00:01]} 3. Nf3 {[%emt 0:00:02]} d5 {[%emt 0:00:02]} 4. g3 {[%emt 0:00:01]} dxc4 {[%emt 0:00:02]} 5. Bg2 {[%emt 0:00:02]} Bd7 {[%emt 0:00:01]} 6. Ne5 {[%emt 0:00:04]} Bc6 {[%emt 0:00:01]} 7. Nxc6 {[%emt 0:00:01]} Nxc6 {[%emt 0:00:01]} 8. e3 {[%emt 0:00:06]} Be7 {[%emt 0:00:09]} 9. O-O {[%emt 0:00:02]} O-O {[%emt 0:00:02]} 10. Nd2 {[%emt 0:00:04]} Nd5 {[%emt 0:00:47]} 11. Nxc4 {[%emt 0:00:06]} Qd7 {[%emt 0:00:03]} 12. e4 {[%emt 0:00:15]} Nb6 {[%emt 0:00:04]} 13. Nxb6 {[%emt 0:00:05]} axb6 {[%emt 0:00:00]} 14. Be3 {[%emt 0:00:02]} Rfd8 {[%emt 0:00:04]} 15. d5 {[%emt 0:00:13]} exd5 {[%emt 0:00:04]} 16. exd5 {[%emt 0:00:02]} Nb4 {[%emt 0:00:09]} 17. Qb3 {[%emt 0:00:14]} Qa4 {[%emt 0:00:27]} 18. Qxa4 {[%emt 0:00:29]} Rxa4 {[%emt 0:00:00]} 19. Rfc1 {[%emt 0:00:13]} Bd6 {[%emt 0:00:20]} 20. a3 {[%emt 0:00:15]} Nd3 {[%emt 0:00:04]} 21. Rc2 {[%emt 0:00:08]} Be5 {[%emt 0:00:17]} 22. Rb1 {[%emt 0:00:40]} g6 {[%emt 0:00:31]} 23. Rd2 {[%emt 0:00:50]} Nc5 {[%emt 0:00:05]} 24. b4 {[%emt 0:00:04]} Nd7 {[%emt 0:00:07]} 25. Rb3 {[%emt 0:00:03]} Rda8 {[%emt 0:00:10]} 26. Ra2 {[%emt 0:00:26]} Bd6 {[%emt 0:00:09]} 27. Bd2 {[%emt 0:00:04]} b5 {[%emt 0:00:06]} 28. Bf1 {[%emt 0:00:06]} c6 {[%emt 0:00:12]} 29. dxc6 {[%emt 0:00:01]} bxc6 {[%emt 0:00:00]} 30. Bg2 {[%emt 0:00:01]} Rc8 {[%emt 0:00:12]} 31. Rd3 {[%emt 0:00:03]} Bxb4 {[%emt 0:00:27]} 32. Bxb4 {[%emt 0:00:06]} Ne5 {[%emt 0:00:07]} 33. Rc3 {[%emt 0:00:09]} Nc4 {[%emt 0:00:04]} 34. Bf1 {[%emt 0:00:11]} c5 {[%emt 0:00:08]} 35. Bxc4 {[%emt 0:00:03]} bxc4 {[%emt 0:00:16]} 36. Rxc4 {[%emt 0:00:03]} Rca8 {[%emt 0:00:02]} 37. Rxc5 {[%emt 0:00:20]} Rxb4 {[%emt 0:00:03]} 38. axb4 {[%emt 0:00:01]} Rxa2 {[%emt 0:00:02]} 39. b5 {[%emt 0:00:01]} Rb2 {[%emt 0:00:02]} 40. Rc8+ {[%emt 0:00:03]} Kg7 {[%emt 0:00:01]} 41. Rb8 {[%emt 0:00:01]} h5 {[%emt 0:00:07]} 42. b6 {[%emt 0:00:03]} Kf6 {[%emt 0:00:02]} 43. Kg2 {[%emt 0:00:07]} Rb3 {[%emt 0:00:04]} 44. b7 {[%emt 0:00:09]} Ke7 {[%emt 0:00:06]} 45. Kh3 {[%emt 0:00:07]} Rb4 {[%emt 0:00:08]} 46. f4 {[%emt 0:00:03]} Rb2 {[%emt 0:00:03]} 47. g4 {[%emt 0:00:15]} hxg4+ {[%emt 0:00:11]} 48. Kxg4 {[%emt 0:00:00]} Rb5 {[%emt 0:00:02]} 49. h4 {[%emt 0:00:05]} Kf6 {[%emt 0:00:06]} 50. Kf3 {[%emt 0:00:54]} Kf5 {[%emt 0:00:04]} 51. Re8 {[%emt 0:00:24]} Rb3+ {[%emt 0:00:10]} 52. Re3 {[%emt 0:00:01]} Rxb7 {[%emt 0:00:01]} 53. Re5+ {[%emt 0:00:01]} Kf6 {[%emt 0:00:01]} 54. Kg4 {[%emt 0:00:01]} Rb1 {[%emt 0:00:03]} 55. Ra5 {[%emt 0:00:08]} Rg1+ {[%emt 0:00:03]} 56. Kf3 {[%emt 0:00:02] Blumenlaus offers a draw} Kg7 {[%emt 0:00:30]} 57. Ra7 {[%emt 0:00:07]} Rf1+ {[%emt 0:00:15]} 58. Kg4 {[%emt 0:00:02]} Rg1+ {[%emt 0:00:02]} 59. Kf3 {[%emt 0:00:01]} Kg8 {[%emt 0:00:04]} 60. Ra8+ {[%emt 0:00:07]} Kg7 {[%emt 0:00:03]} 61. Ra7 {[%emt 0:00:01] Threefold Rep Threefold Rep} 1/2-1/2

[Event "OEISM 0818 BLMM"]
[Site "austriablmm"]
[Date "2020.12.12"]
[Round "3"]
[White "NIKO2011"]
[Black "Leefke Giselbrecht"]
[Result "1-0"]
[WhiteElo "1806"]
[BlackElo "1469"]
[Annotator "NA RC"]
[PlyCount "109"]
[EventDate "2020.12.12"]
[EventType "blitz"]

1. e4 {[%emt 0:00:02]} d5 {[%emt 0:00:03]} 2. exd5 {[%emt 0:00:02]} Qxd5 {[%emt 0:00:02]} 3. Nc3 {[%emt 0:00:01]} Qd8 {[%emt 0:00:03]} 4. d4 {[%emt 0:00:01]} Nf6 {[%emt 0:00:03]} 5. Bc4 {[%emt 0:00:02]} Bf5 {[%emt 0:00:03]} 6. Nf3 {[%emt 0:00:04]} e6 {[%emt 0:00:03]} 7. O-O {[%emt 0:00:02]} Bd6 {[%emt 0:00:02]} 8. Re1 {[%emt 0:00:04]} O-O {[%emt 0:00:03]} 9. Bg5 {[%emt 0:00:01]} Nbd7 {[%emt 0:00:08]} 10. Ne5 {[%emt 0:00:04]} c6 {[%emt 0:00:08]} 11. Qf3 {[%emt 0:00:20]} Qc7 {[%emt 0:00:14]} 12. Nxd7 {[%emt 0:00:09]} Nxd7 {[%emt 0:00:05]} 13. h3 {[%emt 0:00:06]} h6 {[%emt 0:00:08]} 14. Bd2 {[%emt 0:00:11]} Nf6 {[%emt 0:00:05]} 15. Rac1 {[%emt 0:00:18]} b5 {[%emt 0:00:11]} 16. Bb3 {[%emt 0:00:04]} a5 {[%emt 0:00:03]} 17. a3 {[%emt 0:00:04]} a4 {[%emt 0:00:02]} 18. Ba2 {[%emt 0:00:02]} Rab8 {[%emt 0:00:23]} 19. Be3 {[%emt 0:00:31]} Nd5 {[%emt 0:00:23]} 20. Nxd5 {[%emt 0:00:06]} cxd5 {[%emt 0:00:03]} 21. Bxd5 {[%emt 0:00:05]} exd5 {[%emt 0:00:03]} 22. Qxf5 {[%emt 0:00:01]} Qc6 {[%emt 0:00:14]} 23. Bf4 {[%emt 0:00:09]} Bxf4 {[%emt 0:00:10]} 24. Qxf4 {[%emt 0:00:02]} b4 {[%emt 0:00:20]} 25. Qd2 {[%emt 0:00:42]} bxa3 {[%emt 0:00:08]} 26. bxa3 {[%emt 0:00:00]} Rb2 {[%emt 0:00:13]} 27. Re3 {[%emt 0:00:03]} Rc8 {[%emt 0:00:13]} 28. Re2 {[%emt 0:00:21]} Qc4 {[%emt 0:00:22]} 29. Qd1 {[%emt 0:00:21]} Qa2 {[%emt 0:00:17]} 30. Re3 {[%emt 0:00:11]} Rbxc2 {[%emt 0:00:14]} 31. Rxc2 {[%emt 0:00:07]} Qxc2 {[%emt 0:00:03]} 32. Re8+ {[%emt 0:00:02]} Rxe8 {[%emt 0:00:05]} 33. Qxc2 {[%emt 0:00:02]} Re1+ {[%emt 0:00:12]} 34. Kh2 {[%emt 0:00:03]} Re4 {[%emt 0:00:08]} 35. Qc3 {[%emt 0:00:05]} Rf4 {[%emt 0:00:08]} 36. Kg3 {[%emt 0:00:04]} Re4 {[%emt 0:00:04]} 37. f3 {[%emt 0:00:01]} Re6 {[%emt 0:00:05]} 38. Qa5 {[%emt 0:00:07]} Kh7 {[%emt 0:00:03]} 39. Qxd5 {[%emt 0:00:04]} g6 {[%emt 0:00:08]} 40. Qb7 {[%emt 0:00:05]} Kg7 {[%emt 0:00:05]} 41. Qa7 {[%emt 0:00:02]} Rd6 {[%emt 0:00:07]} 42. Qxa4 {[%emt 0:00:04]} h5 {[%emt 0:00:04]} 43. Qb5 {[%emt 0:00:06]} Kh7 {[%emt 0:00:16]} 44. Qb3 {[%emt 0:00:10]} Rd7 {[%emt 0:00:10]} 45. a4 {[%emt 0:00:04]} Kg8 {[%emt 0:00:07]} 46. a5 {[%emt 0:00:01]} Rxd4 {[%emt 0:00:06]} 47. a6 {[%emt 0:00:02]} Rd5 {[%emt 0:00:03]} 48. Qxd5 {[%emt 0:00:03]} Kg7 {[%emt 0:00:03]} 49. Qe5+ {[%emt 0:00:02]} f6 {[%emt 0:00:02]} 50. Qe7+ {[%emt 0:00:01]} Kh6 {[%emt 0:00:02]} 51. a7 {[%emt 0:00:01]} g5 {[%emt 0:00:02]} 52. a8=Q {[%emt 0:00:03]} h4+ {[%emt 0:00:02]} 53. Kh2 {[%emt 0:00:07]} g4 {[%emt 0:00:02]} 54. Qh8+ {[%emt 0:00:03]} Kg5 {[%emt 0:00:03]} 55. Qexf6# {[%emt 0:00:01] Mate Mate} 1-0

[Event "OEISM 0818 BLMM"]
[Site "austriablmm"]
[Date "2020.12.12"]
[Round "3"]
[White "Schaf2009"]
[Black "gritschb"]
[Result "1-0"]
[WhiteElo "1797"]
[BlackElo "1547"]
[Annotator "NA RC"]
[PlyCount "59"]
[EventDate "2020.12.12"]
[EventType "blitz"]

1. d4 {[%emt 0:00:05]} d5 {[%emt 0:00:03]} 2. Bf4 {[%emt 0:00:04]} e6 {[%emt 0:00:05]} 3. e3 {[%emt 0:00:03]} Nf6 {[%emt 0:00:03]} 4. c4 {[%emt 0:00:04]} Nbd7 {[%emt 0:00:09]} 5. Nc3 {[%emt 0:00:14]} c6 {[%emt 0:00:03]} 6. Nf3 {[%emt 0:00:11]} Be7 {[%emt 0:00:05]} 7. Rc1 {[%emt 0:00:20]} O-O {[%emt 0:00:05]} 8. h3 {[%emt 0:00:07]} Re8 {[%emt 0:00:03]} 9. Bd3 {[%emt 0:00:19]} Nf8 {[%emt 0:00:02]} 10. O-O {[%emt 0:00:16]} Ng6 {[%emt 0:00:02]} 11. Bh2 {[%emt 0:00:06]} Bf8 {[%emt 0:00:33]} 12. Re1 {[%emt 0:00:27]} c5 {[%emt 0:00:18]} 13. cxd5 {[%emt 0:01:16]} Nxd5 {[%emt 0:00:03]} 14. Bb1 {[%emt 0:00:39]} cxd4 {[%emt 0:00:20]} 15. Nxd4 {[%emt 0:00:30]} Nxc3 {[%emt 0:00:08]} 16. bxc3 {[%emt 0:00:06]} a6 {[%emt 0:00:03]} 17. Qb3 {[%emt 0:00:20]} e5 {[%emt 0:00:36]} 18. Nf3 {[%emt 0:00:10]} Qc7 {[%emt 0:00:24]} 19. Bxg6 {[%emt 0:00:40]} hxg6 {[%emt 0:00:03]} 20. Red1 {[%emt 0:00:10]} Be6 {[%emt 0:00:08]} 21. Qb2 {[%emt 0:00:16]} f6 {[%emt 0:00:03]} 22. Rd2 {[%emt 0:00:23]} Rad8 {[%emt 0:00:03]} 23. Rcd1 {[%emt 0:00:02]} Rxd2 {[%emt 0:00:02]} 24. Rxd2 {[%emt 0:00:06]} Rd8 {[%emt 0:00:02]} 25. Kf1 {[%emt 0:00:28]} Bc4+ {[%emt 0:00:08]} 26. Ke1 {[%emt 0:00:03]} Rxd2 {[%emt 0:00:11]} 27. Nxd2 {[%emt 0:00:15]} Bf7 {[%emt 0:00:14]} 28. Nb3 {[%emt 0:00:21]} Qb6 {[%emt 0:00:15]} 29. Qc2 {[%emt 0:00:28]} Qxb3 {[%emt 0:00:38]} 30. axb3 {[%emt 0:00:03] gritschb resigns} 1-0

[Event "OEISM 0818 BLMM"]
[Site "austriablmm"]
[Date "2020.12.12"]
[Round "3"]
[White "Johnny Johnson"]
[Black "Matschi2006"]
[Result "1/2-1/2"]
[WhiteElo "1773"]
[BlackElo "1729"]
[Annotator "NA RC"]
[PlyCount "237"]
[EventDate "2020.12.12"]
[EventType "blitz"]

1. b3 {[%emt 0:00:09]} d5 {[%emt 0:00:18]} 2. Bb2 {[%emt 0:00:03]} Bf5 {[%emt 0:00:07]} 3. e3 {[%emt 0:00:12]} e6 {[%emt 0:00:02]} 4. Nf3 {[%emt 0:00:11]} Nf6 {[%emt 0:00:02]} 5. d4 {[%emt 0:00:02]} Be7 {[%emt 0:00:03]} 6. Bd3 {[%emt 0:00:03]} Bxd3 {[%emt 0:00:10]} 7. Qxd3 {[%emt 0:00:01]} O-O {[%emt 0:00:02]} 8. O-O {[%emt 0:00:03]} Nbd7 {[%emt 0:00:01]} 9. c4 {[%emt 0:00:07] Matschi2006 reconnected.} c6 {[%emt 0:00:14]} 10. Nc3 {[%emt 0:00:04]} Bd6 {[%emt 0:00:13]} 11. Rad1 {[%emt 0:00:17]} Qe7 {[%emt 0:00:05]} 12. Rfe1 {[%emt 0:00:45]} Rad8 {[%emt 0:00:04]} 13. c5 {[%emt 0:00:26]} Bb8 {[%emt 0:00:03]} 14. b4 {[%emt 0:01:07]} a6 {[%emt 0:00:28]} 15. a4 {[%emt 0:00:09] Matschi2006 reconnected.} e5 {[%emt 0:00:42] Matschi2006 reconnected.} 16. e4 {[%emt 0:02:28]} dxe4 {[%emt 0:00:32]} 17. Nxe4 {[%emt 0:00:08]} Nxe4 {[%emt 0:00:01]} 18. Qxe4 {[%emt 0:00:28]} f5 {[%emt 0:00:05]} 19. Qc2 {[%emt 0:00:37]} e4 {[%emt 0:00:13]} 20. Qb3+ {[%emt 0:00:51]} Kh8 {[%emt 0:01:06]} 21. d5 {[%emt 0:00:33]} cxd5 {[%emt 0:00:15]} 22. Rxd5 {[%emt 0:00:23]} Nf6 {[%emt 0:02:55]} 23. Rxd8 {[%emt 0:01:01]} Rxd8 {[%emt 0:01:21]} 24. Ng5 {[%emt 0:00:42]} Rd7 {[%emt 0:00:05]} 25. Qe6 {[%emt 0:00:10]} Qxe6 {[%emt 0:00:47]} 26. Nxe6 {[%emt 0:00:00]} Re7 {[%emt 0:01:01]} 27. Nd4 {[%emt 0:00:04]} Rd7 {[%emt 0:00:23]} 28. Nxf5 {[%emt 0:00:03]} Rd2 {[%emt 0:00:01]} 29. Bxf6 {[%emt 0:00:15]} gxf6 {[%emt 0:00:01]} 30. g3 {[%emt 0:00:03]} Kg8 {[%emt 0:00:09]} 31. Rxe4 {[%emt 0:00:02]} Be5 {[%emt 0:00:00]} 32. b5 {[%emt 0:00:03]} axb5 {[%emt 0:00:01]} 33. axb5 {[%emt 0:00:00]} Rb2 {[%emt 0:00:01]} 34. b6 {[%emt 0:00:05]} Rc2 {[%emt 0:00:01]} 35. Nd6 {[%emt 0:00:03]} Rxc5 {[%emt 0:00:02]} 36. Nxb7 {[%emt 0:00:03]} Rb5 {[%emt 0:00:02]} 37. Nd8 {[%emt 0:00:06]} Rxb6 {[%emt 0:00:04] Matschi2006 offers a draw} 38. f4 {[%emt 0:00:02]} Bc3 {[%emt 0:00:10]} 39. Ne6 {[%emt 0:00:03]} Kf7 {[%emt 0:00:03]} 40. f5 {[%emt 0:00:02]} Be5 {[%emt 0:00:02]} 41. Kg2 {[%emt 0:00:03]} Rb2+ {[%emt 0:00:01]} 42. Kh3 {[%emt 0:00:02]} Rf2 {[%emt 0:00:01]} 43. Nf4 {[%emt 0:00:08] . '} Ra2 {[%emt 0:00:17] .} 44. Rc4 {[%emt 0:00:04] '} Ra7 {[%emt 0:00:02] .} 45. Ng2 {[%emt 0:00:05]} Rd7 {[%emt 0:00:01] ' .} 46. Nh4 {[%emt 0:00:04]} Ra7 {[%emt 0:00:02] '} 47. Re4 {[%emt 0:00:01] .} Ra2 {[%emt 0:00:02] .} 48. Nf3 {[%emt 0:00:02]} Bd6 {[%emt 0:00:04] '} 49. Nd4 {[%emt 0:00:02] .} Be5 {[%emt 0:00:01]} 50. Ne6 {[%emt 0:00:01]} Rf2 {[%emt 0:00:01]} 51. Nf4 {[%emt 0:00:01]} Ra2 {[%emt 0:00:01]} 52. Rb4 {[%emt 0:00:02]} Ra7 {[%emt 0:00:02]} 53. Ne6 {[%emt 0:00:03]} Rd7 {[%emt 0:00:02]} 54. Rh4 {[%emt 0:00:03]} Kg8 {[%emt 0:00:03]} 55. Rg4+ {[%emt 0:00:02]} Kh8 {[%emt 0:00:02]} 56. Rc4 {[%emt 0:00:03]} Kg8 {[%emt 0:00:03]} 57. Rc8+ {[%emt 0:00:02]} Kf7 {[%emt 0:00:02]} 58. Rh8 {[%emt 0:00:03]} Rd2 {[%emt 0:00:01]} 59. Rxh7+ {[%emt 0:00:02]} Kg8 {[%emt 0:00:00]} 60. Rg7+ {[%emt 0:00:02]} Kh8 {[%emt 0:00:02]} 61. Rg4 {[%emt 0:00:01]} Kh7 {[%emt 0:00:02]} 62. Rc4 {[%emt 0:00:05]} Kh6 {[%emt 0:00:02]} 63. Nf4 {[%emt 0:00:03]} Ra2 {[%emt 0:00:03]} 64. Ne6 {[%emt 0:00:03]} Rf2 {[%emt 0:00:02]} 65. Rc1 {[%emt 0:00:01]} Rxf5 {[%emt 0:00:04] Matschi2006 offers a draw} 66. Kg4 {[%emt 0:00:09]} Rf2 {[%emt 0:00:01]} 67. Nf4 {[%emt 0:00:03]} Bxf4 {[%emt 0:00:04]} 68. gxf4 {[%emt 0:00:04]} Rxh2 {[%emt 0:00:03]} 69. Kf5 {[%emt 0:00:01]} Rf2 {[%emt 0:00:13]} 70. Rc4 {[%emt 0:00:02]} Kg7 {[%emt 0:00:01]} 71. Rc7+ {[%emt 0:00:02]} Kh6 {[%emt 0:00:01]} 72. Rf7 {[%emt 0:00:01]} Rf1 {[%emt 0:00:04]} 73. Rxf6+ {[%emt 0:00:01]} Kg7 {[%emt 0:00:01]} 74. Ra6 {[%emt 0:00:01]} Kf7 {[%emt 0:00:03]} 75. Ra7+ {[%emt 0:00:01]} Kf8 {[%emt 0:00:03]} 76. Ke5 {[%emt 0:00:02]} Rf2 {[%emt 0:00:06]} 77. f5 {[%emt 0:00:01]} Rf1 {[%emt 0:00:07]} 78. Kf6 {[%emt 0:00:01]} Kg8 {[%emt 0:00:02]} 79. Ra8+ {[%emt 0:00:01]} Kh7 {[%emt 0:00:01]} 80. Ke6 {[%emt 0:00:02]} Kg7 {[%emt 0:00:01]} 81. Ra7+ {[%emt 0:00:01]} Kf8 {[%emt 0:00:01] Matschi2006 offers a draw} 82. Kf6 {[%emt 0:00:10]} Kg8 {[%emt 0:00:01]} 83. Rg7+ {[%emt 0:00:02]} Kf8 {[%emt 0:00:05]} 84. Rg2 {[%emt 0:00:07]} Rf3 {[%emt 0:00:06]} 85. Kg6 {[%emt 0:00:03]} Ra3 {[%emt 0:00:05]} 86. Rg1 {[%emt 0:00:06]} Rf3 {[%emt 0:00:08]} 87. Rb1 {[%emt 0:00:04]} Ke7 {[%emt 0:00:03]} 88. Rb7+ {[%emt 0:00:03]} Kf8 {[%emt 0:00:01]} 89. Rb8+ {[%emt 0:00:01]} Ke7 {[%emt 0:00:01]} 90. Rb7+ {[%emt 0:00:08]} Kf8 {[%emt 0:00:01]} 91. Kf6 {[%emt 0:00:04]} Kg8 {[%emt 0:00:03]} 92. Rb5 {[%emt 0:00:04]} Rf1 {[%emt 0:00:04]} 93. Re5 {[%emt 0:00:01]} Kf8 {[%emt 0:00:03]} 94. Ke6 {[%emt 0:00:02]} Ra1 {[%emt 0:00:03]} 95. Re2 {[%emt 0:00:08]} Ra6+ {[%emt 0:00:02]} 96. Ke5 {[%emt 0:00:03]} Kf7 {[%emt 0:00:01]} 97. Rb2 {[%emt 0:00:02]} Ra5+ {[%emt 0:00:01]} 98. Kf4 {[%emt 0:00:02]} Kf6 {[%emt 0:00:02]} 99. Rb6+ {[%emt 0:00:02]} Kf7 {[%emt 0:00:01]} 100. Kg5 {[%emt 0:00:01]} Ra1 {[%emt 0:00:01]} 101. Rb7+ {[%emt 0:00:01]} Kf8 {[%emt 0:00:05]} 102. Kf6 {[%emt 0:00:03]} Ra6+ {[%emt 0:00:02]} 103. Kg5 {[%emt 0:00:02]} Ra1 {[%emt 0:00:01]} 104. Kg6 {[%emt 0:00:02]} Rf1 {[%emt 0:00:17]} 105. Rb8+ {[%emt 0:00:09]} Ke7 {[%emt 0:00:01] Matschi2006 offers a draw} 106. Rb7+ {[%emt 0:00:07]} Kf8 {[%emt 0:00:01]} 107. Kf6 {[%emt 0:00:02]} Kg8 {[%emt 0:00:01]} 108. Rb8+ {[%emt 0:00:04]} Kh7 {[%emt 0:00:02]} 109. Ke6 {[%emt 0:00:03]} Kg7 {[%emt 0:00:01]} 110. Rb7+ {[%emt 0:00:04]} Kf8 {[%emt 0:00:02]} 111. Rf7+ {[%emt 0:00:02]} Ke8 {[%emt 0:00:04]} 112. Rh7 {[%emt 0:00:01]} Kf8 {[%emt 0:00:01]} 113. Kf6 {[%emt 0:00:02]} Kg8 {[%emt 0:00:05]} 114. Ra7 {[%emt 0:00:04]} Rf2 {[%emt 0:00:04]} 115. Kg6 {[%emt 0:00:07] .} Rg2+ {[%emt 0:00:07]} 116. Kf6 {[%emt 0:00:01]} Rf2 {[%emt 0:00:01]} 117. Ra8+ {[%emt 0:00:02]} Kh7 {[%emt 0:00:01]} 118. Ke6 {[%emt 0:00:03]} Kg7 {[%emt 0:00:01] Johnny Johnson offers a draw} 119. Ra7+ {[%emt 0:00:02]} 1/2-1/2